[Event "DVM U20 2013"]
[Site "Osnabrück GER"]
[Date "2013.12.29"]
[Round "6"]
[White "Pönisch, Johannes"]
[Black "Fornoff, Robin"]
[Result "1-0"]
[Termination "normal"]
[Board "4.4"]
[WhiteElo "1987"]
[BlackElo "1912"]
[WhiteTeam "TuS Coswig 1920"]
[BlackTeam "SK Gernsheim"]
[WhiteFideId "24603201"]
[BlackFideId "24698890"]
[EventCountry "GER"]
[EventRounds "7"]
[EventType "team-swiss"]
[EventDate "2013.12.26"]

1. e4 c5 2. Nf3 a6 3. c4 Nc6 4. d4 cxd4 5. Nxd4 Nf6 6. Nc3 d6 7. Be2 e6 8. O-O
Be7 9. Be3 O-O 10. b3 Qc7 11. f4 b6 12. Bf3 Bb7 13. Kh1 Rac8 14. Rc1 Qb8 15.
Re1 Rfd8 16. Nc2 Ba8 17. Qe2 Rd7 18. Red1 Rdc7 19. Na4 Nd7 20. f5 Nce5 21. fxe6
fxe6 22. Nd4 Nxf3 23. Qxf3 Rf8 24. Qg4 Rf6 25. Nxe6 Rg6 26. Qf5 Rc8 27. Nf4 1-0

[Event "DVM U20 2013"]
[Site "Osnabrück GER"]
[Date "2013.12.29"]
[Round "6"]
[White "Rothermel, Tim"]
[Black "von Koslowski, Utz"]
[Result "0-1"]
[Termination "normal"]
[Board "4.5"]
[WhiteElo "1759"]
[BlackElo "1764"]
[WhiteTeam "SK Gernsheim"]
[BlackTeam "TuS Coswig 1920"]
[WhiteFideId "24660647"]
[BlackFideId "12964247"]
[EventCountry "GER"]
[EventRounds "7"]
[EventType "team-swiss"]
[EventDate "2013.12.26"]

1. e4 d6 2. d4 Nf6 3. f3 g6 4. Be3 Bg7 5. Nc3 Nc6 6. Qd2 e6 7. O-O-O O-O 8. g4
e5 9. d5 Nd4 10. Bxd4 exd4 11. Nce2 Re8 12. g5 Nh5 13. h4 c5 14. dxc6 bxc6 15.
Nxd4 Qb6 16. Nge2 Rb8 17. Nb3 Be6 18. Ned4 Bxb3 19. Nxb3 Be5 20. Kb1 a5 21. a4
Qb4 22. Qxb4 Rxb4 23. Nxa5 Rxb2+ 24. Kc1 Rb4 25. Nxc6 Bf4+ 26. Rd2 Rxa4 27. Kd1
Ra1+ 0-1

[Event "DVM U20 2013"]
[Site "Osnabrück GER"]
[Date "2013.12.29"]
[Round "6"]
[White "Wenninger, Philipp"]
[Black "Carmesin, Matthias"]
[Result "1/2-1/2"]
[Termination "normal"]
[Board "5.2"]
[WhiteElo "2239"]
[BlackElo "2044"]
[WhiteTeam "SC Erlangen"]
[BlackTeam "Stader SV"]
[WhiteFideId "4648404"]
[BlackFideId "4635965"]
[EventCountry "GER"]
[EventRounds "7"]
[EventType "team-swiss"]
[EventDate "2013.12.26"]

1. d4 Nf6 2. Bg5 Ne4 3. Bh4 g5 4. f3 gxh4 5. fxe4 c5 6. e3 Nc6 7. c3 d5 8. exd5
Qxd5 9. Nd2 cxd4 10. exd4 Bh6 11. Qf3 Qg5 12. Qf2 Qe3+ 13. Qxe3 Bxe3 14. Ngf3
Be6 15. Nxh4 O-O-O 16. Nhf3 Rhg8 17. Ke2 Bh6 18. Kf2 Bd5 19. Nb3 Rg4 20. Rd1
Rf4 21. Bb5 a6 22. Be2 e5 23. dxe5 Nxe5 24. h3 Nxf3 25. Bxf3 Bxf3 26. Rxd8+
Kxd8 27. gxf3 Kc7 28. Re1 Bg5 29. Re5 h6 30. Rc5+ Kb6 31. Rc8 Rf5 32. Rc4 Re5
33. h4 Be3+ 34. Kg3 Re6 35. a4 f5 36. f4 Ka7 37. Nd4 Re4 38. Rc5 Bxf4+ 39. Kf3
Bc1 40. Nxf5 Rxa4 41. b4 a5 42. bxa5 Ka6 43. Nd4 Bd2 44. Ke4 Rxa5 45. Rc8 Ka7
46. Nf5 Ra4+ 47. Kd5 Rf4 48. Ke6 b5 49. Nd6 Rxh4 50. Kd5 Rh5+ 51. Kc6 Bxc3 52.
Nxb5+ Rxb5 53. Kxb5 Be5 54. Re8 Bb8 55. Kc6 Ka8 56. Kb6 h5 57. Re4 Ba7+ 58. Kc7
Bb8+ 59. Kb6 Ba7+ 60. Ka6 h4 1/2-1/2

[Event "DVM U20 2013"]
[Site "Osnabrück GER"]
[Date "2013.12.29"]
[Round "6"]
[White "Wegmann, Sven"]
[Black "Konow, Philipp"]
[Result "0-1"]
[Termination "normal"]
[Board "5.4"]
[WhiteElo "1683"]
[BlackElo "1977"]
[WhiteTeam "SC Erlangen"]
[BlackTeam "Stader SV"]
[WhiteFideId "1270756"]
[BlackFideId "4635230"]
[EventCountry "GER"]
[EventRounds "7"]
[EventType "team-swiss"]
[EventDate "2013.12.26"]

1. e4 c5 2. Nf3 Nc6 3. Bb5 g6 4. Bxc6 dxc6 5. d3 Bg7 6. c3 e5 7. Be3 b6 8. Qc2
Ne7 9. Nbd2 Qc7 10. O-O O-O 11. Rad1 Ba6 12. c4 Bb7 13. Nb3 Qd6 14. Qd2 f6 15.
h3 f5 16. Bh6 f4 17. Bxg7 Kxg7 18. Qc3 Kf6 19. g3 g5 20. Kh2 Bc8 21. Ng1 Qe6
22. g4 h5 23. f3 hxg4 24. fxg4 Rh8 25. Qd2 Qxg4 26. Qg2 Qh4 27. Nf3 Bxh3 28.
Nxh4 Bxg2 29. Kxg2 Rxh4 30. Rh1 Rah8 31. Nd2 Rxh1 32. Rxh1 Rxh1 33. Kxh1 g4 34.
Kg2 Kg5 0-1

[Event "DVM U20 2013"]
[Site "Osnabrück GER"]
[Date "2013.12.29"]
[Round "6"]
[White "Wegmann, Simon"]
[Black "Schwarz, Nico"]
[Result "1/2-1/2"]
[Termination "normal"]
[Board "5.6"]
[WhiteElo "1705"]
[BlackElo "1770"]
[WhiteTeam "SC Erlangen"]
[BlackTeam "Stader SV"]
[WhiteFideId "1270758"]
[BlackFideId "12910333"]
[EventCountry "GER"]
[EventRounds "7"]
[EventType "team-swiss"]
[EventDate "2013.12.26"]

1. e4 c5 2. f4 Nc6 3. Nf3 g6 4. Nc3 d6 5. g3 Bg7 6. Bg2 e6 7. d3 Nge7 8. O-O
O-O 9. h3 Rb8 10. g4 f5 11. Rb1 b5 12. Ne2 Qa5 13. a3 b4 14. Bd2 Qa6 15. axb4
Nxb4 16. Bc3 c4 17. Bxg7 Kxg7 18. exf5 cxd3 19. cxd3 exf5 20. g5 Ned5 21. Qd2
Qxd3 22. Qxd3 Nxd3 23. Nfd4 N5b4 24. b3 Nc5 25. Nc3 Ba6 26. Rfe1 Rfe8 27. Nd5
Nxd5 28. Bxd5 Bb7 29. Rxe8 Rxe8 30. Bxb7 Nxb7 31. Nc6 a5 32. Ra1 Re3 33. Nxa5
Nxa5 34. Rxa5 Rxh3 35. Ra7+ Kg8 36. b4 Rb3 37. Rb7 Kf8 38. Kf2 Ke8 39. b5 d5
40. Ke2 Kd8 41. Rxh7 Rxb5 42. Rg7 Rb4 1/2-1/2

[Event "DVM U20 2013"]
[Site "Osnabrück GER"]
[Date "2013.12.29"]
[Round "6"]
[White "Pfatteicher, Lukas"]
[Black "Bräuer, Franz"]
[Result "0-1"]
[Termination "normal"]
[Board "6.1"]
[WhiteElo "2001"]
[BlackElo "2295"]
[WhiteTeam "Karlsruher SF 1853"]
[BlackTeam "Erfurter Schachklub"]
[WhiteFideId "12968919"]
[BlackFideId "24634468"]
[EventCountry "GER"]
[EventRounds "7"]
[EventType "team-swiss"]
[EventDate "2013.12.26"]

1. d4 Nf6 2. Nf3 g6 3. g3 Bg7 4. Bg2 O-O 5. O-O d6 6. c4 Nc6 7. Nc3 a6 8. h3
Rb8 9. e4 Nd7 10. a4 a5 11. Be3 e5 12. d5 Nb4 13. Nd2 Nc5 14. Nb3 Nxb3 15. Qxb3
f5 16. f4 b6 17. Kh2 Bd7 18. Qd1 Na6 19. fxe5 Bxe5 20. Bf4 Qf6 21. exf5 Bxf5
22. Bh6 Qh4 23. Bf4 Bxf4 24. Rxf4 Qe7 25. Qd2 Rbe8 26. Raf1 Nc5 27. R4f2 Bd7
28. Re2 Qg7 29. Rxf8+ Qxf8 30. Rf2 Qe7 31. Qh6 Qg7 32. Qh4 Bxa4 33. Be4 Qe7 34.
Qg4 Nxe4 35. Re2 Bc2 36. Rxc2 Nxc3 37. bxc3 Qe4 38. Qd1 Qxc4 39. Rf2 Qe4 40. c4
Qe3 41. Kg2 Qe4+ 42. Kh2 Ra8 43. Qa1 a4 44. Qf6 Qe8 45. h4 a3 46. Rf1 a2 47. h5
Qe2+ 48. Kg1 Qxf1+ 0-1

[Event "DVM U20 2013"]
[Site "Osnabrück GER"]
[Date "2013.12.29"]
[Round "6"]
[White "Steinacker, Alex"]
[Black "Bykov, Ilya"]
[Result "1-0"]
[Termination "normal"]
[Board "6.2"]
[WhiteElo "2095"]
[BlackElo "1697"]
[WhiteTeam "Erfurter Schachklub"]
[BlackTeam "Karlsruher SF 1853"]
[WhiteFideId "24647195"]
[BlackFideId "12918059"]
[EventCountry "GER"]
[EventRounds "7"]
[EventType "team-swiss"]
[EventDate "2013.12.26"]

1. c4 Nf6 2. Nc3 g6 3. g3 Bg7 4. Bg2 O-O 5. Nf3 d5 6. cxd5 Nxd5 7. O-O c6 8.
Qb3 Qa5 9. d4 Nd7 10. Bd2 Nxc3 11. bxc3 Nb6 12. Ng5 Bxd4 13. cxd4 Qxd2 14. e3
Qa5 15. h4 h6 16. Nf3 Be6 17. Qc2 Kg7 18. Ne5 h5 19. Be4 f5 20. Bd3 Rad8 21.
Qe2 c5 22. Rfc1 Rc8 23. Qf3 Bd5 24. Qf4 c4 25. Qg5 cxd3 26. Qxg6+ Kh8 27. Qxh5+
Kg7 28. Qg5+ Kh7 29. Qxe7+ Kg8 30. Qg5+ Kh7 31. Nxd3 Be4 32. Nc5 Qd2 33. Qh5+
Kg8 34. Rd1 Qb2 35. Qg6+ Kh8 36. Ne6 1-0

[Event "DVM U20 2013"]
[Site "Osnabrück GER"]
[Date "2013.12.29"]
[Round "6"]
[White "Ospina Ocampo, Camilo"]
[Black "Friedt, Marius"]
[Result "1-0"]
[Termination "normal"]
[Board "6.3"]
[WhiteElo "1855"]
[BlackElo "1920"]
[WhiteTeam "Karlsruher SF 1853"]
[BlackTeam "Erfurter Schachklub"]
[WhiteFideId "12907030"]
[BlackFideId "4642830"]
[EventCountry "GER"]
[EventRounds "7"]
[EventType "team-swiss"]
[EventDate "2013.12.26"]

1. d4 Nf6 2. Nf3 e6 3. c4 b6 4. Nc3 Bb4 5. Bg5 h6 6. Bh4 Bb7 7. a3 Bxc3+ 8.
bxc3 O-O 9. e3 d5 10. Bd3 Nbd7 11. O-O Qe8 12. Bg3 Rc8 13. cxd5 exd5 14. Qa4 a6
15. Bf5 b5 16. Qa5 Qd8 17. Bh4 c5 18. Qxd8 Rcxd8 19. Bxd7 Rxd7 20. Ne5 Rc7 21.
Bxf6 gxf6 22. Nd3 c4 23. Nc5 Ra8 24. f3 Re7 25. Kf2 f5 26. Kg3 Kg7 27. Kf4 Rae8
28. Rfe1 Kg6 29. a4 Bc6 30. Nxa6 bxa4 31. Nb4 Re6 32. Re2 Ra8 33. Ra3 Rd6 34.
Rea2 Bb5 35. Rb2 Rb8 36. Nc2 Rbb6 37. Ra1 Bd7 38. Rxb6 Rxb6 39. Nb4 h5 40. Nxd5
Rb3 41. Ke5 Kg7 42. Kd6 Be6 43. Rxa4 Bxd5 44. Kxd5 Rxc3 45. Rxc4 Rxe3 46. Rc2
h4 47. h3 Kf6 48. Kd6 Re6+ 49. Kd7 Re7+ 50. Kd8 Re3 51. Rc6+ Kg7 52. d5 f6 53.
d6 Kf8 54. d7 Rd3 55. Rxf6+ 1-0

[Event "DVM U20 2013"]
[Site "Osnabrück GER"]
[Date "2013.12.29"]
[Round "6"]
[White "Hoffmann, Sascha"]
[Black "Joeres, Stefan"]
[Result "0-1"]
[Termination "normal"]
[Board "6.4"]
[WhiteElo "1697"]
[BlackElo "1477"]
[WhiteTeam "Erfurter Schachklub"]
[BlackTeam "Karlsruher SF 1853"]
[WhiteFideId "24668931"]
[BlackFideId "12983160"]
[EventCountry "GER"]
[EventRounds "7"]
[EventType "team-swiss"]
[EventDate "2013.12.26"]

1. e4 e6 2. Nf3 d5 3. exd5 exd5 4. d4 Bd6 5. Bd3 Nf6 6. O-O O-O 7. Re1 Nc6 8.
c3 Be6 9. Nbd2 Re8 10. Qc2 Qd7 11. Ne5 Qc8 12. Ndf3 Bg4 13. Bd2 Bxf3 14. Nxf3
Rxe1+ 15. Rxe1 Qf8 16. Bg5 h6 17. Bxf6 gxf6 18. Qe2 Qg7 19. Nh4 Ne7 20. Qf3 Qg5
21. Nf5 Nxf5 22. Qxf5 Qxf5 23. Bxf5 Kf8 24. Kf1 Re8 25. Rxe8+ Kxe8 26. Ke2 Bf4
27. Bc8 Bc1 28. b3 b6 29. Bb7 Bb2 30. Kd3 Ba3 31. Bxd5 Bd6 32. Ke4 Kf8 33. h3
Kg7 34. Bb7 Kf8 35. Kd5 Ke7 36. Bc6 Bf4 37. c4 Bh2 38. c5 Bg1 39. f3 Bh2 40. b4
Bg3 41. a4 Be1 42. Kc4 Kd8 43. Kb5 Kc8 44. Be8 Kb7 45. Bxf7 a5 46. cxb6 c6+ 47.
Kxa5 Bf2 48. b5 Be1# 0-1

[Event "DVM U20 2013"]
[Site "Osnabrück GER"]
[Date "2013.12.29"]
[Round "6"]
[White "Joeres, Roman"]
[Black "Reichardt, Albert"]
[Result "0-1"]
[Termination "normal"]
[Board "6.5"]
[WhiteElo "1500"]
[BlackElo "1629"]
[WhiteTeam "Karlsruher SF 1853"]
[BlackTeam "Erfurter Schachklub"]
[WhiteFideId "12964816"]
[BlackFideId "12927821"]
[EventCountry "GER"]
[EventRounds "7"]
[EventType "team-swiss"]
[EventDate "2013.12.26"]

1. d4 Nf6 2. c4 c5 3. d5 b5 4. cxb5 a6 5. bxa6 Bxa6 6. Nc3 d6 7. g3 g6 8. Bg2
Bg7 9. Nh3 O-O 10. O-O Nbd7 11. Re1 Qc7 12. e4 Rfb8 13. Rb1 Ne5 14. Bf1 Bxf1
15. Kxf1 Qc8 16. Kg2 Nfd7 17. Nf4 Nc4 18. Nfe2 Rb7 19. a4 Rab8 20. b3 Na5 21.
Nb5 c4 22. bxc4 Nxc4 23. Rb3 Nc5 24. Rb1 Nxe4 25. Ned4 Nc3 26. Nxc3 Rxb1 27.
Nxb1 Rxb1 28. Nc6 Qa6 29. Nxe7+ Kh8 30. Qe2 Rb8 31. Qc2 h6 32. Nc6 Rc8 33. Re7
Ne5 34. Qd1 Nxc6 35. dxc6 Qxc6+ 0-1

[Event "DVM U20 2013"]
[Site "Osnabrück GER"]
[Date "2013.12.29"]
[Round "6"]
[White "Meichsner, Marwin"]
[Black "Ospina Ocampo, Antonio"]
[Result "1/2-1/2"]
[Termination "normal"]
[Board "6.6"]
[WhiteElo "1515"]
[BlackElo "1320"]
[WhiteTeam "Erfurter Schachklub"]
[BlackTeam "Karlsruher SF 1853"]
[WhiteFideId "12927830"]
[BlackFideId "12946362"]
[EventCountry "GER"]
[EventRounds "7"]
[EventType "team-swiss"]
[EventDate "2013.12.26"]

1. d4 d5 2. c4 e6 3. Nc3 Nf6 4. Nf3 c5 5. Bg5 cxd4 6. Nxd4 Be7 7. e3 O-O 8.
cxd5 Nxd5 9. Bxe7 Qxe7 10. Nxd5 exd5 11. a3 Bd7 12. Bd3 Nc6 13. Nxc6 Bxc6 14.
O-O Qg5 15. Qe2 a6 16. Rfd1 Rad8 17. Rac1 Rd6 18. Bc2 Rfd8 19. Rd4 Rh6 20. Rcd1
Qh5 21. Qxh5 Rxh5 22. Bb3 Rd6 23. e4 Re5 24. Bxd5 Bxd5 25. Rxd5 Rdxd5 26. Rxd5
Rxd5 27. exd5 Kf8 28. f4 Ke7 29. Kf2 Kd6 30. Ke3 Kxd5 31. b3 b6 32. g4 g6
1/2-1/2

[Event "DVM U20 2013"]
[Site "Osnabrück GER"]
[Date "2013.12.29"]
[Round "6"]
[White "Peng, Xiang-Tobias"]
[Black "Schröder, Kevin"]
[Result "0-1"]
[Termination "normal"]
[Board "7.1"]
[WhiteElo "1936"]
[BlackElo "2129"]
[WhiteTeam "Heilbronner SV"]
[BlackTeam "LSV Turm Lippstadt"]
[WhiteFideId "12964328"]
[BlackFideId "12929840"]
[EventCountry "GER"]
[EventRounds "7"]
[EventType "team-swiss"]
[EventDate "2013.12.26"]

1. e4 c5 2. Nf3 d6 3. d4 cxd4 4. Nxd4 e5 5. Nf3 Nf6 6. Nc3 Be7 7. Bc4 O-O 8.
O-O a6 9. a4 Qc7 10. Bd3 Nbd7 11. Bg5 Nc5 12. Bxf6 Bxf6 13. Nd5 Qd8 14. b4 Ne6
15. Nd2 Nf4 16. Ra3 Nxd5 17. exd5 g6 18. a5 Bg7 19. c4 Re8 20. Qb3 Bf8 21. Ra2
Qh4 22. f3 f5 23. Qc2 Bd7 24. Kh1 Rac8 25. Qb1 Bh6 26. g3 Qe7 27. Nb3 e4 28.
fxe4 fxe4 29. Raf2 e3 30. Nd4 Bh3 31. Ne6 Bxf1 32. Qxf1 Qf7 33. Qh3 Bg7 34. Ng5
Qf6 35. Qxh7+ Kf8 36. Re2 Bh8 37. Re1 Bg7 38. Kg2 Bh8 39. Kg1 Bg7 40. Kh1 e2
41. Qxg6 Qxg6 42. Bxg6 Bc3 43. Bxe8 Rxe8 44. Nf3 Bxe1 45. Nxe1 Ke7 46. Kg2 Rf8
47. c5 Rf1 48. c6 bxc6 0-1

[Event "DVM U20 2013"]
[Site "Osnabrück GER"]
[Date "2013.12.29"]
[Round "6"]
[White "Tran, Duc Cuong"]
[Black "Wenninger, Patrick"]
[Result "1-0"]
[Termination "normal"]
[Board "7.2"]
[WhiteElo "2086"]
[BlackElo "1698"]
[WhiteTeam "LSV Turm Lippstadt"]
[BlackTeam "Heilbronner SV"]
[WhiteFideId "24689718"]
[BlackFideId "12927880"]
[EventCountry "GER"]
[EventRounds "7"]
[EventType "team-swiss"]
[EventDate "2013.12.26"]

1. d4 d5 2. c4 c6 3. Nc3 Nf6 4. e3 a6 5. Nf3 b5 6. b3 Bg4 7. Bd2 e6 8. h3 Bh5
9. g4 Bg6 10. Ne5 Nfd7 11. Nxg6 hxg6 12. Bg2 Bd6 13. O-O O-O 14. e4 dxe4 15.
Nxe4 Be7 16. Bc3 Ra7 17. Qe2 Nf6 18. Rad1 Qc8 19. Nxf6+ Bxf6 20. Qe3 Rd7 21. g5
Be7 22. d5 exd5 23. cxd5 cxd5 24. Qe5 f6 25. Bxd5+ Kh7 26. Rd4 1-0

[Event "DVM U20 2013"]
[Site "Osnabrück GER"]
[Date "2013.12.29"]
[Round "6"]
[White "Biefel, Christian"]
[Black "Kuckling, Jonas"]
[Result "0-1"]
[Termination "normal"]
[Board "7.3"]
[WhiteElo "1764"]
[BlackElo "1625"]
[WhiteTeam "Heilbronner SV"]
[BlackTeam "LSV Turm Lippstadt"]
[WhiteFideId "24692646"]
[BlackFideId "24603856"]
[EventCountry "GER"]
[EventRounds "7"]
[EventType "team-swiss"]
[EventDate "2013.12.26"]

1. c4 e6 2. Nc3 d5 3. d4 Nf6 4. Bg5 Be7 5. Nf3 O-O 6. e3 Nbd7 7. Bd3 c6 8. O-O
h6 9. Bh4 Re8 10. Qc2 b6 11. a3 Bb7 12. b4 c5 13. bxc5 bxc5 14. Rab1 dxc4 15.
Rxb7 cxd3 16. Qxd3 cxd4 17. exd4 Nc5 18. Qb5 Nxb7 19. Qxb7 Qc8 20. Qb3 Rb8 21.
Qc2 Nd5 22. Bxe7 Rxe7 23. Rc1 Qxc3 0-1

[Event "DVM U20 2013"]
[Site "Osnabrück GER"]
[Date "2013.12.29"]
[Round "6"]
[White "Kuckling, Linus"]
[Black "Mikeler, Marcel"]
[Result "1/2-1/2"]
[Termination "normal"]
[Board "7.4"]
[WhiteElo "1672"]
[BlackElo "1729"]
[WhiteTeam "LSV Turm Lippstadt"]
[BlackTeam "Heilbronner SV"]
[WhiteFideId "24658243"]
[BlackFideId "12927856"]
[EventCountry "GER"]
[EventRounds "7"]
[EventType "team-swiss"]
[EventDate "2013.12.26"]

1. e4 c6 2. d4 d5 3. e5 Bf5 4. Nf3 e6 5. Bd3 Bxd3 6. Qxd3 Nd7 7. O-O Ne7 8. Bg5
Qb6 9. b3 c5 10. c3 Nc6 11. Nbd2 Rc8 12. Rfc1 cxd4 13. cxd4 Ba3 14. Rd1 O-O 15.
Nf1 Nb4 16. Qe2 Rc2 17. Rd2 Rfc8 18. Ne3 Rc1+ 19. Rd1 Rxa1 20. Rxa1 Qc6 21. h3
Nc2 22. Nxc2 Qxc2 23. Qb5 Qc6 24. Qe2 a6 25. Rd1 a5 26. Ne1 Nb6 27. Nd3 Qb5 28.
Bc1 Bxc1 29. Rxc1 Rxc1+ 30. Nxc1 Qb4 31. Qd1 Qc3 32. Kf1 Kf8 33. Ke2 Nd7 34.
Qd2 Qc7 35. Nd3 b6 36. Qc1 Qxc1 37. Nxc1 Ke7 38. Ke3 Nb8 39. Nd3 Nc6 40. a3 f6
1/2-1/2

[Event "DVM U20 2013"]
[Site "Osnabrück GER"]
[Date "2013.12.29"]
[Round "6"]
[White "Ignatov, Dmitriy"]
[Black "Scheer, Maximilian"]
[Result "1/2-1/2"]
[Termination "normal"]
[Board "7.5"]
[WhiteElo "1706"]
[BlackElo "1752"]
[WhiteTeam "Heilbronner SV"]
[BlackTeam "LSV Turm Lippstadt"]
[WhiteFideId "12927872"]
[BlackFideId "12927732"]
[EventCountry "GER"]
[EventRounds "7"]
[EventType "team-swiss"]
[EventDate "2013.12.26"]

1. e4 c5 2. Nf3 d6 3. c3 Nc6 4. d4 cxd4 5. cxd4 a6 6. Bc4 e6 7. Nc3 Nf6 8. Bg5
Be7 9. Bd3 O-O 10. O-O h6 11. Be3 b5 12. Rc1 Bb7 13. a3 Rc8 14. Qd2 e5 15. d5
Na5 16. Qd1 Nc4 17. Bxc4 Rxc4 18. b3 Rc6 19. Qd2 Ng4 20. Nd1 Nxe3 21. Nxe3 Bg5
22. Nxg5 Qxg5 23. Qe2 g6 24. Qg4 Qxg4 25. Nxg4 Kg7 26. Ne3 Rxc1 27. Rxc1 Rc8
28. Rxc8 Bxc8 29. h3 f5 30. f3 Kf6 31. g4 f4 32. Ng2 g5 33. Kf2 1/2-1/2

[Event "DVM U20 2013"]
[Site "Osnabrück GER"]
[Date "2013.12.29"]
[Round "6"]
[White "Valledor Pereira, Dominik Damian"]
[Black "Thren, Christian"]
[Result "1/2-1/2"]
[Termination "normal"]
[Board "7.6"]
[WhiteElo "1571"]
[BlackElo "1543"]
[WhiteTeam "LSV Turm Lippstadt"]
[BlackTeam "Heilbronner SV"]
[WhiteFideId "1271860"]
[BlackFideId "12964344"]
[EventCountry "GER"]
[EventRounds "7"]
[EventType "team-swiss"]
[EventDate "2013.12.26"]

1. e4 d5 2. exd5 Qxd5 3. Nc3 Qd6 4. g3 Nc6 5. Bg2 Bf5 6. d3 Nf6 7. Nf3 e5 8.
O-O O-O-O 9. Ng5 Qd7 10. Re1 Bd6 11. a3 h6 12. Nge4 Nxe4 13. Nxe4 Be6 14. b4 f5
15. Nxd6+ cxd6 16. b5 Nd4 17. a4 Kb8 18. Be3 g5 19. c4 f4 20. Bxd4 exd4 21. Qf3
Bh3 22. Qd5 Bxg2 23. Qxg2 fxg3 1/2-1/2

[Event "DVM U20 2013"]
[Site "Osnabrück GER"]
[Date "2013.12.29"]
[Round "6"]
[White "Fritsche, Oliver"]
[Black "Rau, Nikita"]
[Result "1/2-1/2"]
[Termination "normal"]
[Board "8.1"]
[WhiteElo "1850"]
[BlackElo "1941"]
[WhiteTeam "SK Doppelbauer Kiel"]
[BlackTeam "Hagener SV"]
[WhiteFideId "12913650"]
[BlackFideId "12902543"]
[EventCountry "GER"]
[EventRounds "7"]
[EventType "team-swiss"]
[EventDate "2013.12.26"]

1. e4 c5 2. Nf3 d6 3. d4 cxd4 4. Nxd4 Nf6 5. Nc3 a6 6. Be3 e5 7. Nb3 Be7 8. f3
Be6 9. Qd2 Nbd7 10. O-O-O b5 11. g4 Nb6 12. g5 Nfd7 13. Nd5 Bxd5 14. exd5 Nc4
15. Bxc4 bxc4 16. Na5 c3 17. Qxc3 Bxg5 18. Nc6 Bxe3+ 19. Qxe3 Qf6 20. Rhg1 O-O
21. c4 a5 22. Rd3 Nc5 23. Ra3 a4 24. Qg5 Qxg5+ 25. Rxg5 Kh8 26. Kc2 h6 27. Rg1
Kh7 28. Ra1 f5 29. b4 axb3+ 30. axb3 Rxa3 31. Rxa3 e4 32. b4 Nd3 33. fxe4 fxe4
34. Rxd3 exd3+ 35. Kxd3 g5 36. b5 g4 37. b6 h5 38. b7 h4 39. Nd4 g3 40. hxg3
hxg3 41. Ke2 g2 42. Ne6 Rg8 43. b8=Q Rxb8 44. Kf2 Rb2+ 45. Kg1 Kg6 46. c5 Kf5
47. cxd6 Kg4 48. Kh2 Kf3 49. Ng5+ Kf2 50. Ne4+ Kf1 51. Ng3+ Kf2 1/2-1/2

[Event "DVM U20 2013"]
[Site "Osnabrück GER"]
[Date "2013.12.29"]
[Round "6"]
[White "Beinke, Lukas"]
[Black "Beeck, Mats"]
[Result "1/2-1/2"]
[Termination "normal"]
[Board "8.2"]
[WhiteElo "1910"]
[BlackElo "1840"]
[WhiteTeam "Hagener SV"]
[BlackTeam "SK Doppelbauer Kiel"]
[WhiteFideId "12902535"]
[BlackFideId "12936944"]
[EventCountry "GER"]
[EventRounds "7"]
[EventType "team-swiss"]
[EventDate "2013.12.26"]

1. Nf3 Nf6 2. c4 e6 3. g3 d5 4. Bg2 Be7 5. O-O O-O 6. d4 dxc4 7. Qc2 a6 8. Qxc4
b5 9. Qc2 Bb7 10. Nc3 Nbd7 11. a3 c5 12. dxc5 Bxc5 13. Bf4 Be7 14. Rac1 Rc8 15.
Qb1 Nd5 16. Nxd5 Bxd5 17. Rxc8 Qxc8 18. Rc1 Qe8 19. e4 Ba8 20. Nd4 Bf6 21. Nc6
e5 22. Be3 Qe6 23. Nb4 Be7 24. Nd5 Bd6 25. Qd3 Bb7 26. h4 Rc8 27. Rxc8+ Bxc8
28. Kh2 Nf6 29. f3 Nxd5 30. exd5 Qe7 1/2-1/2

[Event "DVM U20 2013"]
[Site "Osnabrück GER"]
[Date "2013.12.29"]
[Round "6"]
[White "Pluska, Alexander"]
[Black "Rieping, Heiner"]
[Result "1-0"]
[Termination "normal"]
[Board "8.3"]
[WhiteElo "1873"]
[BlackElo "1900"]
[WhiteTeam "SK Doppelbauer Kiel"]
[BlackTeam "Hagener SV"]
[WhiteFideId "12975141"]
[BlackFideId "24647012"]
[EventCountry "GER"]
[EventRounds "7"]
[EventType "team-swiss"]
[EventDate "2013.12.26"]

1. d4 d5 2. c4 e6 3. Nf3 f5 4. Bg5 Nf6 5. e3 Be7 6. Be2 O-O 7. Nbd2 Ne4 8. Bxe7
Qxe7 9. h4 Nd7 10. Ne5 Nxe5 11. dxe5 c6 12. f4 Rd8 13. Nxe4 dxe4 14. Qc2 c5 15.
Kf2 Bd7 16. Rag1 Be8 17. g4 Rd7 18. gxf5 exf5 19. Qc3 Qe6 20. Rg3 Rad8 21. Rhg1
Kf8 22. h5 Rd2 23. Ke1 R2d7 24. a3 b6 25. R1g2 Re7 26. Kf1 Rdd7 27. b4 Qc6 28.
Rg5 Qe6 29. Rg1 Rd8 30. bxc5 bxc5 31. Qa5 Rc8 32. Kf2 Rb7 33. Rxf5+ Qxf5 34.
Bg4 Rb2+ 35. Kg3 Qf7 36. Bxc8 Qxh5 37. Qxc5+ Kf7 38. Qd5+ Kf8 39. Qd6+ 1-0

[Event "DVM U20 2013"]
[Site "Osnabrück GER"]
[Date "2013.12.29"]
[Round "6"]
[White "Rethmann, Kristin"]
[Black "Wanner, Lukas"]
[Result "1/2-1/2"]
[Termination "normal"]
[Board "8.4"]
[WhiteElo "1819"]
[BlackElo "1729"]
[WhiteTeam "Hagener SV"]
[BlackTeam "SK Doppelbauer Kiel"]
[WhiteFideId "24655805"]
[BlackFideId "12918148"]
[EventCountry "GER"]
[EventRounds "7"]
[EventType "team-swiss"]
[EventDate "2013.12.26"]

1. e4 c5 2. Nf3 d6 3. d4 cxd4 4. Nxd4 Nf6 5. Nc3 g6 6. f3 Bg7 7. Be3 O-O 8. Qd2
Nc6 9. O-O-O Bd7 10. h4 h5 11. Be2 Ne5 12. Bh6 Rc8 13. Bxg7 Kxg7 14. Kb1 a6 15.
Rhg1 b5 16. Nd5 Nxd5 17. exd5 Nc4 18. Bxc4 Rxc4 19. g4 hxg4 20. fxg4 Qb6 21. h5
1/2-1/2

[Event "DVM U20 2013"]
[Site "Osnabrück GER"]
[Date "2013.12.29"]
[Round "6"]
[White "Balazs, Kata"]
[Black "Petersen, Finn Christopher"]
[Result "1-0"]
[Termination "normal"]
[Board "8.6"]
[WhiteElo "1555"]
[BlackElo "1612"]
[WhiteTeam "Hagener SV"]
[BlackTeam "SK Doppelbauer Kiel"]
[WhiteFideId "12922773"]
[BlackFideId "12964840"]
[EventCountry "GER"]
[EventRounds "7"]
[EventType "team-swiss"]
[EventDate "2013.12.26"]

1. d4 Nf6 2. c4 g6 3. Nc3 Bg7 4. Nf3 O-O 5. Bg5 d6 6. e3 Nbd7 7. Be2 e5 8. O-O
a6 9. dxe5 dxe5 10. Qc2 Qe8 11. Rfd1 Nh5 12. Nd5 e4 13. Nxc7 exf3 14. Nxe8 fxe2
15. Qxe2 Rxe8 16. Rac1 Nc5 17. Rd8 Be6 18. Rxa8 Rxa8 19. b3 Ne4 20. Be7 Re8 21.
Bb4 Bh6 22. Qd3 Bf5 23. Qd5 Bc8 24. Rd1 Nhf6 25. Qa5 Nd7 26. Qc7 Nef6 27. h3 b6
28. Bc3 Ne4 29. Bd4 Bf8 30. Bxb6 Nef6 31. Ba5 Be7 32. Bc3 Ne4 33. Bb2 Nec5 34.
Kf1 Ne6 35. Qc6 Rd8 36. Bc3 Kf8 37. Ba5 Re8 38. Rxd7 Bxd7 39. Qxd7 Nc5 40. Qd4
Kg8 41. b4 Nb7 42. Qd7 Nd6 43. c5 1-0